01094agaaa2200265 45000010005000000030009000050050017000140070009000310080040000400400023000800410013001031000051001161300036001672450139002032500022003422600085003643000033004495080052004825200072005345380016006065460013006226500075006357000063007107000055007739650IT-RoPAU20220918181246.0d cvaizq50131s9999||||xx ||| | || ||und|| aIT-RoPAUcIT-RoPAU aITALIANO aCordero Abe RoxasgCodice regista SPICS: 39853 aVERSO LA PIENEZZA DELLA CARITA' aVERSO LA PIENEZZA DELLA CARITA'cDiretto da: Cordero Abe RoxaspVERSO LA PIENEZZA DELLA CARITA' (Rif. Codice opera principale : B9650) aEdizione Standard a(ITALIA)bSORELLE CANOSSIANE / g"1990 (1° ed.: 1990 ; Ed. Lingua Orig.: 1990)" aVHSbsonoro, col.c30 minuti a"Montaggio: Dy Michael; Musica: Rivera Robin; " aDOCUMENTARIO VOCAZIONALE. SUORE SORELLE CANOSSIANE NELLE FILIPPINE. aPAL, STEREO aITALIANO aDOCUMENTARIOeTV-PROGRAMMI RELIGIOSI [VHS]xCodice MATERIA SPICS: 9963 aCordero Abe Roxas e(regista)gCodice regista SPICS: 39853 aRivera Robine(musica)gCodice Musica SPICS: 39852